[Event "HUN-chT2 Breyer 1617"]
[Site "Hungary"]
[Date "2016.11.13"]
[Round "2.3"]
[White "Jamrich, Gyorgy"]
[Black "Biro, Andras"]
[Result "1/2-1/2"]
[WhiteElo "2190"]
[BlackElo "2245"]
[PlyCount "26"]
[EventDate "2016.10.30"]
[EventType "team-tourn"]
[EventRounds "9"]
[EventCountry "HUN"]
[SourceTitle "EXT 2021"]
[Source "ChessBase"]
[SourceDate "2020.10.23"]
[SourceVersion "1"]
[SourceVersionDate "2020.10.23"]
[SourceQuality "1"]
[WhiteTeam "Biatorbagy"]
[BlackTeam "Budapest MLTC"]
[WhiteTeamCountry "HUN"]
[BlackTeamCountry "HUN"]

1. d4 Nf6 2. Nf3 g6 3. Bf4 Bg7 4. e3 d6 5. Be2 0-0 6. 0-0 b6 7. c3 Bb7 8. Nbd2 Nbd7 9. a4 a5 10. Qc2 c5 11. Bg3 Rc8 12. Rad1 cxd4 13. exd4 Qc7 1/2-1/2

[Event "HUN-chT2 Maroczy 1516"]
[Site "Hungary"]
[Date "2016.02.14"]
[Round "5.6"]
[White "Biro, Andras"]
[Black "Kovacs, Klara"]
[Result "1/2-1/2"]
[WhiteElo "2242"]
[BlackElo "2129"]
[PlyCount "72"]
[EventDate "2015.10.18"]
[EventType "team-tourn"]
[EventRounds "9"]
[EventCountry "HUN"]
[SourceTitle "EXT 2017"]
[Source "ChessBase"]
[SourceDate "2016.10.25"]
[SourceVersion "1"]
[SourceVersionDate "2016.10.25"]
[SourceQuality "1"]
[WhiteTeam "MLTC"]
[BlackTeam "Penzugyor"]
[WhiteTeamCountry "HUN"]
[BlackTeamCountry "HUN"]

1. e4 e6 2. Qe2 c5 3. Nf3 Nc6 4. g3 g6 5. Bg2 Bg7 6. 0-0 Nge7 7. c3 0-0 8. e5 d6 9. d4 cxd4 10. cxd4 Nf5 11. Rd1 Qb6 12. Qe4 Rd8 13. Bg5 Qxb2 14. Bxd8 Qxa1 15. Bf6 Qxa2 16. g4 d5 17. Qf4 Qc2 18. Re1 Bh6 19. Bg5 Bxg5 20. Nxg5 Ncxd4 21. gxf5 Qxf5 22. Qxd4 Qxg5 23. Nc3 Bd7 24. Ne4 dxe4 25. Qxd7 Rd8 26. Qxb7 e3 27. Qxa7 exf2+ 28. Qxf2 Rd2 29. Qf3 h5 30. Rf1 Rd7 31. Qc3 Kg7 32. Kh1 h4 33. Qc6 Ra7 34. Qe4 Rd7 35. Qc6 Ra7 36. Qe4 Rd7 1/2-1/2

[Event "HUN-chT2 Erkel 1415"]
[Site "Hungary"]
[Date "2014.10.05"]
[Round "1.7"]
[White "Bodrogi, Mihaly"]
[Black "Biro, Andras"]
[Result "1-0"]
[WhiteElo "2074"]
[BlackElo "2240"]
[PlyCount "135"]
[EventDate "2014.09.28"]
[EventType "team-tourn"]
[EventRounds "9"]
[EventCountry "HUN"]
[SourceTitle "EXT 2016"]
[Source "ChessBase"]
[SourceDate "2015.10.08"]
[SourceVersion "1"]
[SourceVersionDate "2015.10.08"]
[SourceQuality "1"]
[WhiteTeam "BEAC"]
[BlackTeam "Budapest MTK"]
[WhiteTeamCountry "HUN"]
[BlackTeamCountry "HUN"]

1. d4 Nf6 2. Nf3 g6 3. Nbd2 d5 4. c4 c6 5. e3 Bg7 6. b4 0-0 7. a4 Bg4 8. Qb3 Nbd7 9. Bb2 a5 10. b5 dxc4 11. Bxc4 Nb6 12. Be2 Be6 13. Qa3 cxb5 14. Bxb5 Nfd5 15. 0-0 Nb4 16. Rfc1 f5 17. Nb3 Bxb3 18. Qxb3+ Qd5 19. Nd2 Kh8 20. Rc5 Qxb3 21. Nxb3 Rfd8 22. Bf1 Rd5 23. Rc7 Rd7 24. Rxd7 Nxd7 25. Bb5 Nf6 26. Rc1 b6 27. Kf1 Nfd5 28. Ke2 Kg8 29. Nd2 Rd8 30. Nb1 f4 31. Nc3 fxe3 32. Nxd5 Nxd5 33. fxe3 Bh6 34. Bc4 e6 35. Bxd5 exd5 36. Rc6 Re8 37. Bc1 Rb8 38. Rd6 Rc8 39. Bd2 Rc4 40. Rxb6 Rxa4 41. Rb5 Ra1 42. Bxa5 Ra2+ 43. Bd2 Bf8 44. Rb7 h5 45. h3 Bd6 46. Rb6 Bc7 47. Rb5 Bd6 48. Kd3 Ra3+ 49. Bc3 Kf7 50. Rxd5 Bb4 51. Rd7+ Ke6 52. Rc7 h4 53. e4 Kd6 54. Rc4 Ba5 55. d5 g5 56. Rc6+ Kd7 57. e5 Ke7 58. Kd4 Bxc3+ 59. Rxc3 Ra2 60. Rc7+ Kd8 61. d6 Rxg2 62. Rg7 g4 63. hxg4 Rd2+ 64. Ke4 h3 65. Rh7 h2 66. Kf5 Ke8 67. Ke6 Kf8 68. d7 1-0

[Event "HUN-chT2 Maroczy 1314"]
[Site "Hungary"]
[Date "2014.04.27"]
[Round "11"]
[White "Biro, Andras"]
[Black "Kaman, Attila"]
[Result "1-0"]
[WhiteElo "2243"]
[BlackElo "2152"]
[PlyCount "109"]
[EventDate "2013.09.08"]
[EventType "team-tourn"]
[EventRounds "11"]
[EventCountry "HUN"]
[SourceTitle "EXT 2016"]
[Source "ChessBase"]
[SourceDate "2015.10.08"]
[SourceVersion "1"]
[SourceVersionDate "2015.10.08"]
[SourceQuality "1"]
[WhiteTeam "Budapest MLTC II"]
[BlackTeam "Hajduboszormeny"]
[WhiteTeamCountry "HUN"]
[BlackTeamCountry "HUN"]

1. e4 e6 2. Qe2 c5 3. Nf3 Nc6 4. g3 Nf6 5. Bg2 d5 6. d3 Be7 7. c3 0-0 8. e5 Nd7 9. 0-0 f6 10. exf6 Nxf6 11. Bf4 Bd6 12. Bxd6 Qxd6 13. Re1 Bd7 14. Nbd2 Rae8 15. d4 cxd4 16. cxd4 Qb4 17. Qd3 Qb6 18. a3 Ng4 19. Qb3 Qxb3 20. Nxb3 b6 21. Re2 Rf6 22. h3 Nh6 23. Ne5 Nxe5 24. dxe5 Rff8 25. Rc1 Rc8 26. Ree1 Nf5 27. g4 Nh4 28. Nd4 Ng6 29. Rxc8 Rxc8 30. Bf1 Kf7 31. Kh2 Nf4 32. h4 Ng6 33. Kg3 Ne7 34. f4 Rc5 35. Bd3 h6 36. f5 Nc6 37. fxe6+ Bxe6 38. Nb3 d4 39. Nxc5 bxc5 40. Bb5 Na5 41. b4 Nb3 42. bxc5 Nxc5 43. Kf4 Bd5 44. Rc1 Ne6+ 45. Kg3 g5 46. h5 Nf4 47. Rf1 Ke6 48. Rxf4 gxf4+ 49. Kxf4 Bb3 50. Ke4 Bd1 51. Ba6 Kd7 52. g5 hxg5 53. h6 Bh5 54. Kf5 Bd1 55. Bd3 1-0

[Event "HUN-chT2 Maroczy 1314"]
[Site "Hungary"]
[Date "2013.11.17"]
[Round "5"]
[White "Biro, Andras"]
[Black "Bartos, Tamas"]
[Result "1/2-1/2"]
[WhiteElo "2243"]
[BlackElo "2169"]
[PlyCount "40"]
[EventDate "2013.09.08"]
[EventType "team-tourn"]
[EventRounds "11"]
[EventCountry "HUN"]
[SourceTitle "EXT 2016"]
[Source "ChessBase"]
[SourceDate "2015.10.08"]
[SourceVersion "1"]
[SourceVersionDate "2015.10.08"]
[SourceQuality "1"]
[WhiteTeam "Budapest MLTC II"]
[BlackTeam "Szeged Maroczy"]
[WhiteTeamCountry "HUN"]
[BlackTeamCountry "HUN"]

1. e4 e6 2. d4 d5 3. Nc3 Nf6 4. Bg5 Bb4 5. e5 h6 6. Bd2 Bxc3 7. bxc3 Ne4 8. Bd3 Nxd2 9. Qxd2 c5 10. dxc5 Qa5 11. Nf3 Nd7 12. 0-0 Nxc5 13. Nd4 Bd7 14. f4 g6 15. Rab1 Rc8 16. Kh1 b6 17. Ne2 Na4 18. Rb3 Nc5 19. Rbb1 Na4 20. Rb3 Nc5 1/2-1/2

[Event "HUN-chT2 Maroczy 1314"]
[Site "Hungary"]
[Date "2013.09.08"]
[Round "1"]
[White "Biro, Andras"]
[Black "Urhegyi, Marton"]
[Result "0-1"]
[WhiteElo "2243"]
[BlackElo "2094"]
[PlyCount "70"]
[EventDate "2013.09.08"]
[EventType "team-tourn"]
[EventRounds "11"]
[EventCountry "HUN"]
[SourceTitle "EXT 2016"]
[Source "ChessBase"]
[SourceDate "2015.10.08"]
[SourceVersion "1"]
[SourceVersionDate "2015.10.08"]
[SourceQuality "1"]
[WhiteTeam "Budapest MLTC II"]
[BlackTeam "Budapest Kobanya"]
[WhiteTeamCountry "HUN"]
[BlackTeamCountry "HUN"]

1. e4 c5 2. Nf3 d6 3. d4 cxd4 4. Qxd4 a6 5. c4 Nc6 6. Qd1 Nf6 7. Nc3 g6 8. Be2 Bg7 9. 0-0 0-0 10. h3 Be6 11. Be3 Rc8 12. Rc1 Nd7 13. Ng5 Nce5 14. Nxe6 fxe6 15. b3 Qa5 16. Qd2 Nc5 17. Bh6 Bxh6 18. Qxh6 Ncd3 19. Bxd3 Nxd3 20. Rc2 Nf4 21. g3 Rc5 22. Ne2 Rh5 23. Qxf8+ Kxf8 24. Nxf4 Re5 25. f3 Kf7 26. Nd3 Rg5 27. Kg2 Qb6 28. c5 Qb5 29. Rd1 d5 30. e5 Rh5 31. f4 d4 32. Rf2 Qc6+ 33. Kh2 Qe4 34. g4 Rh6 35. Rg2 Qe3 0-1

[Event "HUN-chT2 Charousek 1213"]
[Site "Hungary"]
[Date "2012.11.18"]
[Round "4"]
[White "Toth, Gergely"]
[Black "Biro, Andras"]
[Result "1-0"]
[WhiteElo "2231"]
[BlackElo "2276"]
[PlyCount "65"]
[EventDate "2012.09.16"]
[EventType "team-tourn"]
[EventRounds "11"]
[EventCountry "HUN"]
[SourceTitle "EXT 2014"]
[Source "ChessBase"]
[SourceDate "2013.11.20"]
[SourceVersion "1"]
[SourceVersionDate "2013.11.20"]
[SourceQuality "1"]
[WhiteTeam "Paks II"]
[BlackTeam "MLTC II"]
[WhiteTeamCountry "HUN"]
[BlackTeamCountry "HUN"]

1. e4 e6 2. d4 d5 3. Nc3 Bb4 4. e5 c5 5. Bd2 Bxc3 6. Bxc3 cxd4 7. Bxd4 Ne7 8. f4 Nbc6 9. Nf3 Nf5 10. Bf2 0-0 11. Qd2 h5 12. 0-0-0 Qa5 13. Kb1 Qxd2 14. Rxd2 b6 15. h3 Nh6 16. Rg1 f6 17. c4 fxe5 18. fxe5 Nf7 19. Bg3 dxc4 20. Bxc4 Na5 21. Be2 Bb7 22. b4 Be4+ 23. Kb2 Nc6 24. a3 Rad8 25. Bc4 Ncxe5 26. Bxe6 Nxf3 27. Rxd8 Rxd8 28. gxf3 Bxf3 29. Be5 g5 30. Rxg5+ Kf8 31. Rf5 Rd2+ 32. Kc3 Rc2+ 33. Kd3 1-0

[Event "HUN-chT2 Charousek 1112"]
[Site "Hungary"]
[Date "2011.09.25"]
[Round "1"]
[White "Biro, Andras"]
[Black "Zsirai, Peter"]
[Result "1-0"]
[WhiteElo "2271"]
[BlackElo "2083"]
[PlyCount "91"]
[EventDate "2011.09.25"]
[EventType "team-tourn"]
[EventRounds "11"]
[EventCountry "HUN"]
[SourceTitle "EXT 2013"]
[Source "ChessBase"]
[SourceDate "2012.11.22"]
[SourceVersion "1"]
[SourceVersionDate "2012.11.22"]
[SourceQuality "1"]
[WhiteTeam "MLTC II"]
[BlackTeam "Aquaprofit II"]
[WhiteTeamCountry "HUN"]
[BlackTeamCountry "HUN"]

1. e4 c5 2. Nf3 d6 3. d4 cxd4 4. Qxd4 a6 5. c4 Nc6 6. Qd2 Nf6 7. Nc3 g6 8. b3 Bg7 9. Bb2 0-0 10. Bd3 Bg4 11. Qe3 Nd7 12. 0-0 Nc5 13. Be2 Ne6 14. Ng5 Bxe2 15. Nxe6 fxe6 16. Qxe2 Nd4 17. Qd2 e5 18. Rad1 Rf4 19. f3 Rh4 20. Qf2 e6 21. g3 Rh5 22. Ne2 Nxe2+ 23. Qxe2 Qb6+ 24. Qf2 Qc6 25. g4 Rh3 26. Kg2 Rh6 27. Bc1 g5 28. Bxg5 Rg6 29. Be7 Bf8 30. Bh4 Bh6 31. Rd3 Rf8 32. Qe2 Rf7 33. Bg3 b5 34. Rc3 Bf4 35. Qc2 b4 36. Rd3 Rxg4 37. Qd1 Rg6 38. Rxd6 Qb7 39. Rd8+ Kg7 40. Qd6 Bg5 41. Rb8 Qa7 42. c5 a5 43. Kh1 Kh6 44. Bxe5 a4 45. f4 Be7 46. Qd3 1-0

[Event "HUN-chT2 Maroczy 1011"]
[Site "Hungary"]
[Date "2011.04.10"]
[Round "8"]
[White "Biro, Andras"]
[Black "Hibjan, Tamas"]
[Result "1-0"]
[WhiteElo "2288"]
[BlackElo "2118"]
[PlyCount "101"]
[EventDate "2010.09.12"]
[EventType "team-tourn"]
[EventRounds "11"]
[EventCountry "HUN"]
[SourceTitle "EXT 2012"]
[Source "ChessBase"]
[SourceDate "2011.11.24"]
[SourceVersion "1"]
[SourceVersionDate "2011.11.24"]
[SourceQuality "1"]
[WhiteTeam "MLTC II"]
[BlackTeam "Nyiregyhaza"]
[WhiteTeamCountry "HUN"]
[BlackTeamCountry "HUN"]

1. e4 c5 2. Nf3 d6 3. d4 cxd4 4. Qxd4 a6 5. c4 Nc6 6. Qd2 g6 7. Be2 Bg4 8. 0-0 Rc8 9. b4 Bg7 10. Bb2 Nf6 11. b5 Bxf3 12. gxf3 Ne5 13. Bxe5 dxe5 14. Qxd8+ Kxd8 15. Rd1+ Nd7 16. Nc3 e6 17. bxa6 bxa6 18. Rd6 Ra8 19. Rad1 Ra7 20. Na4 Ke7 21. c5 Rc8 22. Nb6 Rcc7 23. Bxa6 Rxa6 24. Rxd7+ Rxd7 25. Rxd7+ Kf6 26. Rb7 Bf8 27. Nd7+ Kg7 28. Rb2 Be7 29. Rc2 Rc6 30. Nxe5 Rxc5 31. Rxc5 Bxc5 32. a4 f6 33. Nc6 f5 34. a5 Kf6 35. e5+ Kf7 36. a6 Ke8 37. a7 Bxa7 38. Nxa7 Kd7 39. Kg2 Kc7 40. Kg3 Kb7 41. Nb5 Kc6 42. Nd6 Kd5 43. Nf7 h6 44. Kf4 g5+ 45. Nxg5 hxg5+ 46. Kxg5 Kxe5 47. h4 Kd6 48. Kf6 Kd7 49. h5 Ke8 50. h6 Kf8 51. h7 1-0

[Event "HUN-chT2 Maroczy 0910"]
[Site "Hungary"]
[Date "2010.04.11"]
[Round "9"]
[White "Herpai, Jozsef"]
[Black "Biro, Andras"]
[Result "0-1"]
[WhiteElo "2243"]
[BlackElo "2270"]
[PlyCount "63"]
[EventDate "2009.11.08"]
[EventType "team-tourn"]
[EventRounds "11"]
[EventCountry "HUN"]
[SourceTitle "EXT 2011"]
[Source "ChessBase"]
[SourceDate "2010.11.26"]
[SourceVersion "1"]
[SourceVersionDate "2010.11.26"]
[SourceQuality "1"]
[WhiteTeam "Maroczy"]
[BlackTeam "MLTC II"]
[WhiteTeamCountry "HUN"]
[BlackTeamCountry "HUN"]

1. d4 Nf6 2. Nc3 d5 3. Bg5 Bf5 4. f3 Bg6 5. e3 e6 6. Bd3 c5 7. Nge2 Nc6 8. Qd2 cxd4 9. exd4 Bb4 10. a3 Ba5 11. 0-0 0-0 12. Bxg6 hxg6 13. Qd3 a6 14. Na4 Rc8 15. c3 e5 16. b4 Bc7 17. Nc5 exd4 18. cxd4 Qd6 19. Bf4 Qe7 20. Rfe1 Bxf4 21. Nxf4 Qc7 22. g3 Rfe8 23. Kf2 a5 24. Rxe8+ Rxe8 25. b5 Ne7 26. Re1 b6 27. Na4 g5 28. Nh3 g4 29. Ng5 gxf3 30. Kxf3 g6 31. Re2 Qc1 32. Qc2 0-1

[Event "HUN-chT2 Maroczy 0910"]
[Site "Hungary"]
[Date "2010.02.27"]
[Round "5"]
[White "Biro, Andras"]
[Black "Papp, Abel"]
[Result "1-0"]
[WhiteElo "2270"]
[BlackElo "2243"]
[PlyCount "79"]
[EventDate "2009.11.08"]
[EventType "team-tourn"]
[EventRounds "11"]
[EventCountry "HUN"]
[SourceTitle "EXT 2011"]
[Source "ChessBase"]
[SourceDate "2010.11.26"]
[SourceVersion "1"]
[SourceVersionDate "2010.11.26"]
[SourceQuality "1"]
[WhiteTeam "MLTC II"]
[BlackTeam "Miskolc EMSE"]
[WhiteTeamCountry "HUN"]
[BlackTeamCountry "HUN"]

1. e4 e5 2. Nf3 Nc6 3. Bc4 Bc5 4. c3 Nf6 5. d4 exd4 6. e5 d5 7. Bb5 Ne4 8. Nxd4 0-0 9. Bxc6 bxc6 10. 0-0 Bd7 11. Be3 Qe7 12. Re1 Bb6 13. f3 Ng5 14. f4 Ne4 15. Nd2 f5 16. Nxe4 fxe4 17. Qd2 Rfd8 18. e6 Bxd4 19. Bxd4 Bxe6 20. b4 a5 21. a3 Ra6 22. Qf2 Qf7 23. Re3 Bf5 24. g4 Bd7 25. f5 Rf8 26. Rh3 c5 27. Bxc5 Rfa8 28. bxa5 Rxa5 29. Rf1 R5a6 30. Kh1 Rc6 31. Bd4 Re8 32. g5 Rf8 33. Rxh7 Bxf5 34. Qxf5 Qxf5 35. Rxg7+ Kh8 36. Rf7+ Kg8 37. R7xf5 Rxf5 38. Rxf5 Ra6 39. Rxd5 Rxa3 40. g6 1-0

[Event "HUN-chT2 Maroczy 0910"]
[Site "Hungary"]
[Date "2009.11.22"]
[Round "2"]
[White "Radnai, Adam"]
[Black "Biro, Andras"]
[Result "0-1"]
[WhiteElo "2229"]
[BlackElo "2270"]
[PlyCount "70"]
[EventDate "2009.11.08"]
[EventType "team-tourn"]
[EventRounds "11"]
[EventCountry "HUN"]
[SourceTitle "EXT 2011"]
[Source "ChessBase"]
[SourceDate "2010.11.26"]
[SourceVersion "1"]
[SourceVersionDate "2010.11.26"]
[SourceQuality "1"]
[WhiteTeam "Nyiregyhaza"]
[BlackTeam "MLTC II"]
[WhiteTeamCountry "HUN"]
[BlackTeamCountry "HUN"]

1. e4 c5 2. c3 d5 3. exd5 Qxd5 4. d4 e6 5. Nf3 Nf6 6. Na3 Nc6 7. Be3 cxd4 8. Nb5 Qd8 9. Nbxd4 Nxd4 10. Bxd4 Be7 11. Qb3 0-0 12. 0-0-0 Qa5 13. Ne5 Rd8 14. Bc4 Nd5 15. f4 f6 16. Nd3 Rb8 17. Rhe1 b5 18. Bxd5 Rxd5 19. f5 b4 20. Nf4 Rdb5 21. c4 Rxf5 22. Nxe6 Bxe6 23. Rxe6 Bc5 24. Rxf6 gxf6 25. Qg3+ Kf7 26. Qxb8 Bxd4 27. Rxd4 Rf1+ 28. Kc2 Qa4+ 29. b3 Qxa2+ 30. Kd3 Qb1+ 31. Ke3 Qe1+ 32. Kd3 Qd1+ 33. Ke4 Qg4+ 34. Kd5 Rf5+ 35. Kc6 Qxd4 0-1

[Event "HUN-chT2 Maroczy 0809"]
[Site "Hungary"]
[Date "2009.04.05"]
[Round "10"]
[White "Vegh, Endre"]
[Black "Biro, Andras"]
[Result "1/2-1/2"]
[WhiteElo "2293"]
[BlackElo "2282"]
[PlyCount "37"]
[EventDate "2008.10.26"]
[EventType "team-tourn"]
[EventRounds "11"]
[EventCountry "HUN"]
[SourceTitle "EXT 2010"]
[Source "ChessBase"]
[SourceDate "2010.11.25"]
[SourceVersion "1"]
[SourceVersionDate "2010.11.25"]
[SourceQuality "1"]
[WhiteTeam "Dunaharaszti"]
[BlackTeam "MLTC II"]
[WhiteTeamCountry "HUN"]
[BlackTeamCountry "HUN"]

1. d4 Nf6 2. c4 g6 3. Nc3 Bg7 4. e4 d6 5. Bg5 0-0 6. Qd2 c5 7. d5 Qa5 8. Bd3 e6 9. Nge2 exd5 10. exd5 Nbd7 11. f4 a6 12. a4 b5 13. cxb5 Bb7 14. bxa6 Bxa6 15. Bxa6 Rxa6 16. 0-0 Rb6 17. Rfd1 Re8 18. h3 Qb4 19. Rab1 1/2-1/2

[Event "HUN-chT2 Maroczy 0809"]
[Site "Hungary"]
[Date "2009.01.25"]
[Round "6"]
[White "Lukacs, Daniel"]
[Black "Biro, Andras"]
[Result "0-1"]
[WhiteElo "2101"]
[BlackElo "2282"]
[PlyCount "48"]
[EventDate "2008.10.26"]
[EventType "team-tourn"]
[EventRounds "11"]
[EventCountry "HUN"]
[SourceTitle "EXT 2010"]
[Source "ChessBase"]
[SourceDate "2010.11.25"]
[SourceVersion "1"]
[SourceVersionDate "2010.11.25"]
[SourceQuality "1"]
[WhiteTeam "Husi"]
[BlackTeam "MLTC II"]
[WhiteTeamCountry "HUN"]
[BlackTeamCountry "HUN"]

1. d4 Nf6 2. c4 g6 3. Nc3 Bg7 4. e4 d6 5. f3 0-0 6. Be3 Nbd7 7. Nh3 e5 8. d5 Nh5 9. g4 Nf4 10. Nxf4 exf4 11. Bxf4 Ne5 12. Be2 f5 13. gxf5 gxf5 14. Qd2 fxe4 15. fxe4 Qh4+ 16. Bg3 Qh3 17. Kd1 Bh6 18. Qd4 Bg4 19. Kc2 Bxe2 20. Bxe5 dxe5 21. Rag1+ Bg4 22. Qxe5 Bg7 23. Qg5 Rf2+ 24. Kb3 Rxb2+ 0-1

[Event "HUN-chT2 Maroczy 0809"]
[Site "Hungary"]
[Date "2008.12.21"]
[Round "4"]
[White "Biro, Andras"]
[Black "Ballai, Zsolt"]
[Result "1-0"]
[WhiteElo "2282"]
[BlackElo "2313"]
[PlyCount "107"]
[EventDate "2008.10.26"]
[EventType "team-tourn"]
[EventRounds "11"]
[EventCountry "HUN"]
[SourceTitle "EXT 2010"]
[Source "ChessBase"]
[SourceDate "2010.11.25"]
[SourceVersion "1"]
[SourceVersionDate "2010.11.25"]
[SourceQuality "1"]
[WhiteTeam "MLTC II"]
[BlackTeam "Hajduboszormeny"]
[WhiteTeamCountry "HUN"]
[BlackTeamCountry "HUN"]

1. e4 c5 2. Nf3 d6 3. d4 Nf6 4. dxc5 Nxe4 5. cxd6 Qxd6 6. Bd3 Nc5 7. Bb5+ Nc6 8. Qxd6 exd6 9. Nc3 Be6 10. Bf4 a6 11. Be2 d5 12. 0-0-0 0-0-0 13. Nd4 Nxd4 14. Rxd4 Be7 15. Rhd1 Ne4 16. Nxd5 Rxd5 17. Rxd5 Nxf2 18. R1d4 Bxd5 19. Rxd5 Re8 20. Re5 f6 21. Re3 f5 22. Bc4 Kd8 23. Rf3 Bc5 24. Bg5+ Kd7 25. Rxf5 Ne4 26. Bf4 Bd6 27. Rf7+ Kc6 28. Bd3 Bxf4+ 29. Rxf4 Nf6 30. Kd2 Re5 31. Rf5 Re7 32. c4 Rd7 33. Kc3 Re7 34. b4 Re1 35. Rf1 Re5 36. Kd4 Rg5 37. g3 a5 38. a3 axb4 39. axb4 Kd6 40. c5+ Kc7 41. Bf5 h5 42. Rf3 h4 43. gxh4 Rh5 44. Rf4 Rh8 45. Ke5 Rd8 46. Rd4 Re8+ 47. Be6 Ra8 48. Rf4 Ra1 49. h3 Kc6 50. Bg4 Re1+ 51. Kf5 Re7 52. Kg6 Kb5 53. h5 Nd5 54. Rf7 1-0

[Event "HUN-chT2 Erkel 0708"]
[Site "Hungary"]
[Date "2008.05.18"]
[Round "11"]
[White "Slezak, Robert"]
[Black "Biro, Andras"]
[Result "1/2-1/2"]
[WhiteElo "2167"]
[BlackElo "2298"]
[PlyCount "33"]
[EventDate "2007.10.14"]
[EventType "team"]
[EventRounds "11"]
[EventCountry "HUN"]
[SourceTitle "EXT 2009"]
[Source "ChessBase"]
[SourceDate "2008.11.26"]
[SourceVersion "1"]
[SourceVersionDate "2008.11.26"]
[SourceQuality "1"]
[WhiteTeam "Vaci"]
[BlackTeam "Statisztika II"]
[WhiteTeamCountry "HUN"]
[BlackTeamCountry "HUN"]

1. e4 e6 2. d4 d5 3. Nd2 c5 4. exd5 Qxd5 5. Ngf3 Nf6 6. Bc4 Qd8 7. 0-0 Nc6 8. Nb3 cxd4 9. Nbxd4 Bd7 10. Nb5 Na5 11. Be2 a6 12. Nd6+ Bxd6 13. Qxd6 Rc8 14. Bd2 Nc4 15. Bxc4 Rxc4 16. Ne1 Qe7 17. Qb8+ 1/2-1/2

[Event "HUN-chT 0708"]
[Site "Hungary"]
[Date "2008.03.16"]
[Round "8"]
[White "Biro, Andras"]
[Black "Krutti, Valer"]
[Result "0-1"]
[WhiteElo "2298"]
[BlackElo "2412"]
[PlyCount "74"]
[EventDate "2007.10.14"]
[EventType "team"]
[EventRounds "11"]
[EventCountry "HUN"]
[SourceTitle "EXT 2009"]
[Source "ChessBase"]
[SourceDate "2008.11.26"]
[SourceVersion "1"]
[SourceVersionDate "2008.11.26"]
[SourceQuality "1"]
[WhiteTeam "Statisztika"]
[BlackTeam "Nagykanizsa"]
[WhiteTeamCountry "HUN"]
[BlackTeamCountry "HUN"]

1. e4 c5 2. Nf3 e6 3. d4 cxd4 4. Nxd4 a6 5. Bd3 Nf6 6. c4 Nc6 7. Nxc6 dxc6 8. 0-0 e5 9. Qe2 Bc5 10. h3 Be6 11. Nd2 Nd7 12. b3 0-0 13. Nf3 f6 14. Bd2 a5 15. Bc3 Qe7 16. Rfd1 Rfd8 17. Bc2 Bf7 18. Rd3 Bd6 19. Nh4 g6 20. Rad1 Nc5 21. R3d2 Ne6 22. g3 Ng5 23. Kh2 Be6 24. c5 Bxc5 25. f4 Rxd2 26. Qxd2 Nf7 27. Bxa5 b6 28. Bc3 Rxa2 29. b4 Bb3 30. Rc1 Bd4 31. Ng2 c5 32. Ne1 exf4 33. gxf4 Bxc2 34. Rxc2 Rxc2 35. Nxc2 Bxc3 36. Qxc3 Qxe4 37. bxc5 Qxf4+ 0-1

[Event "HUN-chT 0708"]
[Site "Hungary"]
[Date "2007.11.25"]
[Round "3"]
[White "Biro, Andras"]
[Black "Honos, Attila"]
[Result "1/2-1/2"]
[WhiteElo "2298"]
[BlackElo "2298"]
[PlyCount "166"]
[EventDate "2007.10.14"]
[EventType "team"]
[EventRounds "11"]
[EventCountry "HUN"]
[SourceTitle "EXT 2009"]
[Source "ChessBase"]
[SourceDate "2008.11.26"]
[SourceVersion "1"]
[SourceVersionDate "2008.11.26"]
[SourceQuality "1"]
[WhiteTeam "Statisztika"]
[BlackTeam "Postas/MTK"]
[WhiteTeamCountry "HUN"]
[BlackTeamCountry "HUN"]

1. e4 d5 2. exd5 Qxd5 3. Nc3 Qd6 4. d4 Nf6 5. Nf3 c6 6. Be2 Nbd7 7. Bg5 e6 8. Qd2 Qc7 9. 0-0 Bd6 10. Rfe1 h6 11. Bh4 0-0 12. Bd3 b6 13. Ne5 Bb7 14. Re3 Nd5 15. Nxd5 cxd5 16. Rg3 Bxe5 17. Qxh6 f5 18. Qxe6+ Rf7 19. dxe5 Qxe5 20. Re1 Qxe6 21. Rxe6 Nc5 22. Re5 f4 23. Rh3 Nxd3 24. Rxd3 Rc8 25. c3 Rc4 26. f3 b5 27. Bf2 a6 28. b4 Rcc7 29. Bc5 Rf6 30. Rd2 Kf7 31. Rde2 Kg6 32. Re8 Bc8 33. Bd4 Rff7 34. R2e5 Bd7 35. Ra8 Rc6 36. Rxd5 Re6 37. Re5 Rxe5 38. Bxe5 Kf5 39. Bd4 Re7 40. Kf2 Be6 41. Bc5 Rd7 42. g4+ fxg3+ 43. Kxg3 Bxa2 44. Rxa6 Bd5 45. Bd4 Re7 46. Rb6 Bc4 47. Rc6 Be2 48. Rc5+ Kg6 49. f4 Rf7 50. h4 Bd3 51. Rg5+ Kh6 52. Kf3 Re7 53. f5 Rf7 54. Kf4 Kh7 55. Ke5 Rf6 56. Bc5 Rf7 57. Bd6 Kh6 58. Bc5 Kh7 59. Bd4 Rf6 60. h5 Kh6 61. Rg3 Rxf5+ 62. Kd6 Be2 63. Rxg7 Kxh5 64. Kc6 Rg5 65. Rc7 Rg6+ 66. Kc5 Rg5+ 67. Kb6 Bd3 68. Bc5 Kg6 69. Ka5 Kf6 70. Rd7 Rg3 71. Rxd3 Rxd3 72. Kxb5 Ke6 73. c4 Kd7 74. Bb6 Rh3 75. c5 Rh1 76. c6+ Kd6 77. c7 Kd7 78. Ka6 Kc8 79. b5 Rc1 80. Ba5 Ra1 81. b6 Rb1 82. b7+ Rxb7 83. Bb6 Rb8 1/2-1/2

[Event "HUN-chT2 Breyer 0607"]
[Site "Hungary"]
[Date "2006.12.17"]
[Round "4"]
[White "Koronghy, Gyula"]
[Black "Biro, Andras"]
[Result "1/2-1/2"]
[WhiteElo "2168"]
[BlackElo "2295"]
[PlyCount "37"]
[EventDate "2006.11.12"]
[EventType "team"]
[EventRounds "11"]
[EventCountry "HUN"]
[SourceTitle "EXT 2008"]
[Source "ChessBase"]
[SourceDate "2007.11.25"]
[SourceVersion "1"]
[SourceVersionDate "2007.11.25"]
[SourceQuality "1"]
[WhiteTeam "BEAC Rufusz II"]
[BlackTeam "Stat PSC II"]
[WhiteTeamCountry "HUN"]
[BlackTeamCountry "HUN"]

1. e4 e6 2. d4 d5 3. e5 c5 4. c3 Nc6 5. Nf3 Qb6 6. Bd3 Bd7 7. dxc5 Bxc5 8. 0-0 a5 9. Na3 Nge7 10. Nc2 Ng6 11. Qe2 0-0 12. h4 f6 13. exf6 Rxf6 14. Bg5 Nf4 15. Qd2 Nh3+ 16. Kh1 Rxf3 17. gxf3 e5 18. Ne3 Bxe3 19. fxe3 1/2-1/2

[Event "HUN-chT2 Erkel 0506"]
[Site "Hungary"]
[Date "2006.04.09"]
[Round "10"]
[White "Sleisz, Tamas"]
[Black "Biro, Andras"]
[Result "0-1"]
[WhiteElo "2249"]
[BlackElo "2290"]
[PlyCount "46"]
[EventDate "2005.10.16"]
[EventType "team"]
[EventRounds "11"]
[EventCountry "HUN"]
[SourceTitle "EXT 2009"]
[Source "ChessBase"]
[SourceDate "2008.11.26"]
[SourceVersion "1"]
[SourceVersionDate "2008.11.26"]
[SourceQuality "1"]
[WhiteTeam "Godollo"]
[BlackTeam "Stat PSC II"]
[WhiteTeamCountry "HUN"]
[BlackTeamCountry "HUN"]

1. e4 e6 2. d3 c5 3. g3 Nc6 4. Bg2 Nf6 5. Nf3 d6 6. 0-0 Be7 7. h3 0-0 8. c3 Rb8 9. Be3 c4 10. Nd4 Ne5 11. Na3 Nxd3 12. Nxc4 Nc5 13. Qc2 e5 14. Nb3 Qc7 15. Nxc5 dxc5 16. Nxe5 Bxh3 17. Bxh3 Qxe5 18. Bf4 Qh5 19. Bxb8 Qxh3 20. Bf4 g5 21. Be3 Ng4 22. Rfe1 Qh2+ 23. Kf1 Nxe3+ 0-1